[Event "NOR-ch"]
[Site "Roros"]
[Date "2002.07.08"]
[Round "4"]
[White "Johansen, Preben"]
[Black "Asvoll, Guttorm"]
[Result "1-0"]
[WhiteElo "1147"]
[BlackElo "1223"]
[PlyCount "65"]
[EventDate "2002.07.06"]
[EventType "swiss"]
[EventRounds "9"]
[EventCountry "NOR"]
[SourceTitle "CBM 089 Extra"]
[Source "ChessBase"]
[SourceDate "2002.09.10"]
[SourceVersion "2"]
[SourceVersionDate "2002.09.10"]
[SourceQuality "1"]

1. e4 e5 2. f4 Nc6 3. Nf3 exf4 4. Bc4 Bc5 5. d4 Bb6 6. Bxf4 d6 7. 0-0 Bg4 8. Bxf7+ Kd7 9. c3 Qe7 10. Bd5 Nf6 11. Bg5 Rhf8 12. Nbd2 h6 13. Bxf6 Rxf6 14. Bxc6+ bxc6 15. Ne5+ dxe5 16. Qxg4+ Re6 17. Nf3 Kc8 18. Nxe5 h5 19. Qh3 Kb7 20. Nc4 Rxe4 21. Qxh5 Bxd4+ 22. cxd4 Rxd4 23. Rac1 Rf8 24. Rxf8 Qxf8 25. Na5+ Kc8 26. Qh3+ Rd7 27. Nxc6 Qd6 28. Nxa7+ Kb7 29. Nc6 Qd2 30. Qb3+ Ka6 31. Qa4+ Kb6 32. Qa7+ Kb5 33. a4# 1-0